| 000 | 01076cam a2200301 a 4500 | ||
|---|---|---|---|
| 001 | 1599863 | ||
| 003 | NUST-PNEC | ||
| 005 | 20170116180739.0 | ||
| 008 | 941230s1994 caua 001 0 eng | ||
| 010 | _a 94068434 | ||
| 020 | _a0782114997 | ||
| 020 | _a8170297974 | ||
| 040 |
_aDLC _cPNEC _dDLC |
||
| 050 | 0 | 0 |
_aQA76.76.O63 _bK453 1994 |
| 082 | 0 | 0 |
_a005.43 BOO _220 |
| 100 | 2 | _aKelly-Bootle, Stan. | |
| 245 | 1 | 0 |
_aUnderstanding UNIX / _cStan Kelly-Bootle. |
| 250 | _a2nd ed. | ||
| 260 |
_aSan Francisco /New Delhi : _bSybex/BPB Publications, _cc1994. |
||
| 300 |
_axxviii, 587 p. : _bill. ; _c23 cm. |
||
| 500 | _aIncludes index. | ||
| 630 | 0 | 0 | _aUNIX (Computer file) |
| 650 | _xComputer, MIS | ||
| 856 | _uhttp://www.amazon.com/Understanding-Unix-Stan-Kelly-Bootle/dp/0782114997/ref=sr_1_1?s=books&ie=UTF8&qid=1418163868&sr=1-1&keywords=0782114997 | ||
| 906 |
_a7 _bcbc _corignew _d2 _eopcn _f19 _gy-gencatlg |
||
| 942 |
_2ddc _cBK |
||
| 999 |
_c62104 _d62104 |
||